| 000 | 03909nad a2200541 a 4500 | ||
|---|---|---|---|
| 001 | MIU01000000000000012432018 | ||
| 003 | MiU | ||
| 005 | 20231010141517.0 | ||
| 007 | cr mnummmmuuuu | ||
| 008 | 090209r20081992enk sb 000 0 eng d | ||
| 024 | 7 |
_a2027/heb31365 _2hdl |
|
| 040 |
_aNyNyACL _cNyNyACL |
||
| 090 |
_aDS134.55 _b(INTERNET) |
||
| 245 | 0 | 0 |
_aJewish life in Nazi-occupied Warsaw _h[electronic resource] / _cedited by Antony Polonsky. |
| 300 |
_aviii, 337 p. ; _c24 cm. |
||
| 490 | 1 |
_aPolin : studies in Polish Jewry ; _vv. 7 |
|
| 490 | 1 | _aThe Littman library of Jewish civilization | |
| 500 | _a"Published for the Institute for Polish-Jewish Studies and the American Association for Polish-Jewish Studies." | ||
| 500 | _aReprint. Originally published: Oxford : Basil Blackwell, 1992. | ||
| 504 | _aIncludes bibliographical references. | ||
| 505 | 0 | _aStatement from the editors -- Articles: A brief history of the Jews in Royal Prussia before 1772 / Zenon Nowak. From the Ghetto to modern culture : the autobiographies of Salomon Maimon and Jakob Fromer / Ritchie Robertson. Jan Czyński and the question of equality of rights for all religious faiths in Poland / Adam Gałkowski. Adam Mickiewicz's 'Forty and four' or the dangers of playing with Kabbalahs / Joanna Rostropowicz Clark. Gender differentiation and education of the Jewish woman in nineteenth-century Eastern Europe / Shaul Stampfer. Vox populi, Vox dei : the centrality of Peretz in Jewish folkloristics / Mark W. Kiel. The Linas-Hatsedek charitable fraternity in Białystok, 1885-1939 / Tomasz Wiśniewski. The Jewish press in Kraków (1918-1939) / Czesław Brzoza. Ritual slaughter as a political issue / Szymon Rudnicki. Britain and the Jewish exodus from Poland following the Second World War / Ariel Joseph Kochavi. Henryk Grynberg calls Poland to account / Jósef Wróbel -- Life in Nazi-occupied Warsaw: Three Ghetto sketches / Jan Marek Groński. My recollections of the deportation of Janusz Korczak / Marek Rudnicki. The death of Adam Czerniaków and Janusz Korczak's last journey / Jerzy Lewiński. Sister Wanda/ Anna Clarke -- Notes: The activities of the democratic societies and democratic party in defending Jewish rights in Poland on the eve of Hitler's invasion / Aharon Weiss. Documents dealing with the history of Jews in Galicia in Lwow Archives / Dora Katzenelson -- Review articles: The literary afterlife of Polish Jewry / Zygmunt Bauman. Jewish themes in 'The beautiful Mrs Seidenmann' by Andrzej Szczpiorski / Laura Quercioli. About the 'Jews-in-Poland' Exhibition in Kraków June-October 1989 / Aleksander Zyga. | |
| 600 | 1 | 0 |
_aCzerniaków, Adam, _d1880-1942. _950568 |
| 600 | 1 | 0 |
_aKorczak, Janusz, _d1878-1942. _950569 |
| 650 | 0 |
_zPoland _zWarsaw. _950570 |
|
| 650 | 0 |
_zPoland _zWarsaw _xHistory _y20th century. _950571 |
|
| 650 | 0 |
_zPoland _zWarsaw _xIntellectual life. _950572 |
|
| 650 | 0 |
_zPoland. _94070 |
|
| 651 | 0 |
_aWarsaw (Poland) _xHistory _y20th century. _950573 |
|
| 700 | 1 |
_aPolonsky, Antony. _97493 |
|
| 710 | 2 |
_aAmerican Association for Polish-Jewish Studies. _950574 |
|
| 710 | 2 |
_aInstitute for Polish-Jewish Studies (Oxford, England) _950575 |
|
| 830 | 0 |
_aLittman library of Jewish civilization (Series) _950576 |
|
| 830 | 0 |
_aPolin (Series) ; _vv. 7. _950577 |
|
| 830 | 0 |
_aACLS Humanities E-Book. _950578 |
|
| 856 | 4 | 0 |
_zVolltext _uhttps://hdl.handle.net/2027/heb31365 |
| 942 | _cEB | ||
| 500 | _aE-Book-ACLS / Zugriff nur im DHI-Lesesaal | ||
| 653 | _aHolocaust, Jewish (1939-1945) | ||
| 653 | _aJews | ||
| 653 | _aJews | ||
| 653 | _aWorld War, 1939-1945 | ||
| 336 |
_2rdacontent _btxt _aText |
||
| 337 |
_2rdamedia _bbc _aComputermedien |
||
| 338 |
_2rdacarrier _bcr _aOnline Ressource |
||
| 264 |
_aOxford ; _bLittman Library of Jewish Civilization, _c2008. |
||
| 041 | _aeng | ||
| 500 | _aAmerican Council of Learned Societies/ https://www.humanitiesebook.org/about/ | ||
| 999 |
_c68188 _d68188 |
||